| 000 | 00323nam a22001337a 4500 | ||
|---|---|---|---|
| 082 | _aP-186 | ||
| 100 |
_aSaif _947934 |
||
| 245 |
_aDesign of 50 Bedded Brigade Hospital _cFarhan |
||
| 260 |
_aMCE Risalpur _c17-03-2001 |
||
| 526 |
_a0 _b0 _c0 _dP_186 |
||
| 650 | _aProject | ||
| 700 |
_aGulfam Alam _947770 |
||
| 942 |
_2ddc _cBK |
||
| 999 |
_c551013 _d551013 |
||